[Event "Cannes op"]
[Site "Cannes"]
[Date "2000.02.24"]
[Round "5"]
[White "Soulages, Laurent"]
[Black "Henrichsen, Jens"]
[Result "1-0"]
[WhiteElo "2121"]
[BlackElo "2067"]
[PlyCount "59"]
[EventDate "2000.02.20"]
[EventType "swiss"]
[EventRounds "9"]
[EventCountry "FRA"]
[SourceTitle "EXT 2001"]
[Source "ChessBase"]
[SourceDate "2000.11.22"]
[SourceVersion "1"]
[SourceVersionDate "2000.11.22"]
[SourceQuality "1"]

1. Nf3 Nf6 2. c4 g6 3. Nc3 Bg7 4. e4 d6 5. d4 0-0 6. Be2 e5 7. 0-0 Nc6 8. d5 Ne7 9. Nh4 Ne8 10. g3 f5 11. exf5 Nxf5 12. Nxf5 gxf5 13. f4 Qe7 14. Be3 c5 15. dxc6 bxc6 16. Qd2 Rb8 17. Rab1 Bf6 18. Rfe1 Be6 19. b4 Qf7 20. b5 c5 21. Nd5 Bxd5 22. Qxd5 Qxd5 23. cxd5 Nc7 24. Bc4 Kg7 25. fxe5 Bxe5 26. Bxc5 Rfe8 27. Bxa7 Rb7 28. Bf2 Ra8 29. b6 Ne8 30. Bb5 1-0

[Event "Cappelle op 15th"]
[Site "Cappelle la Grande"]
[Date "1999.02.14"]
[Round "2"]
[White "Soulages, Laurent"]
[Black "Santo Roman, Marc"]
[Result "0-1"]
[WhiteElo "2228"]
[BlackElo "2381"]
[PlyCount "31"]
[EventDate "1999.02.13"]
[EventType "swiss"]
[EventRounds "9"]
[EventCountry "FRA"]
[SourceTitle "EXT 2000"]
[Source "ChessBase"]
[SourceDate "1999.11.16"]
[SourceVersion "1"]
[SourceVersionDate "1999.11.16"]
[SourceQuality "1"]

1. Nf3 f5 2. c4 Nf6 3. g3 g6 4. Bg2 Bg7 5. 0-0 0-0 6. Nc3 d6 7. d4 Nc6 8. d5 Na5 9. Qd3 c5 10. Be3 Bd7 11. Rac1 a6 12. Bd2 b5 13. b3 Rb8 14. Be1 Qc7 15. Nd2 bxc4 16. Nxc4 0-1